01205 a2200253 4500003000500000005001700005010001600022020001500038040000900053082001500062100002800077245008000105250001200185260003400197300003500231505039300266650003400659650003300693700002800726700003000754942002400784999001900808952012400827Nust20221121135345.0 a 91030740 a0471509973 cNust00a515.35,BOY1 aBoyce, William E.9858010aElementary differential equations / cWilliam E. Boyce, Richard C. DiPrima. a7th ed. aNew York :bJ. Wiley,cc2002. axvi, 592pbcol. ill. ;c25 cm. aIntroduction (Page-1), First Order Differential Equations (Page-29), Second Order Linear Equations (Page-129), Higher Order Linear Equations (Page-209), Series Solutions of Second Order Linear Equations (Page-231), The Laplace Transform (Page-293), Systems Of First Order Linear Equations (Page-339), Numerical Methods (Page-419), Nonlinear Differential Equation and Stability (Page-459). 0aBoundary value problems.9689 0aDifferential equations.96881 aBoyce, William E.985801 aDiPrima, Richard C.98581 2ddccBKk515.35,BOY c180939d180939 00102ddc4070aMCSbMCScGENd2016-12-12o515.35,BOYpMCS30289r2016-12-08w2016-12-12yBKzAlmirah No.13, Shelf No.4